| 000 | 01519nam a2200397 c 4500 | ||
|---|---|---|---|
| 001 | 48103 | ||
| 003 | ES-MaCES | ||
| 005 | 20170707132253.0 | ||
| 008 | 160906s2016 sp | l o000 | spa d | ||
| 017 |
_aM 3082-2002 _bDL |
||
| 020 | _a9788447608300 | ||
| 024 | 7 |
_a720-16-194-2 _2nipo |
|
| 024 | 7 |
_a630-16-317-4 _2nipo |
|
| 040 |
_aES-MaCES _bspa _cES-MaCES |
||
| 245 | 0 | 0 |
_aContabilidad local _b: (actualización junio 2016) |
| 250 | _a3ª ed | ||
| 260 |
_a[Madrid] _bMinisterio de Hacienda y Administraciones Públicas |
||
| 260 |
_bMinisterio de Economía y Competitividad _c2016 |
||
| 300 |
_a855 p. _c17 cm |
||
| 490 | 1 |
_aTextos legales / separata del Boletín Oficial de los Ministerios de Hacienda y Administraciones Públicas y de Economía y Competitividad _v8-2016 |
|
| 500 | _aÍndices | ||
| 541 | _cGratuito | ||
| 650 | 4 |
_acontabilidad nacional _927088 |
|
| 650 | 4 |
_agobierno local _927219 |
|
| 650 | 4 |
_aEspaña _926964 |
|
| 650 | 4 |
_a2012 _931808 |
|
| 650 | 4 |
_alegislación económica _927161 |
|
| 650 | 4 |
_atexto _929624 |
|
| 653 | 1 | 0 | _aLegislación |
| 710 | 1 |
_aEspaña _bMinisterio de Economía y Competitividad _eed. _93236 |
|
| 710 | 1 |
_93246 _aEspaña _bMinisterio de Hacienda y Administraciones Públicas _eed. |
|
| 787 | 0 |
_tContabilidad local _w(ES-MaCES)45802 |
|
| 830 | 0 |
_aTextos legales / separata del Boletín Oficial de los Ministerios de Hacienda y Administraciones Públicas y de Economía y Competitividad _v8-2016 _934653 |
|
| 902 | _aLIB Libro | ||
| 942 |
_2CES _cBK _h6.1. |
||
| 999 |
_c48103 _d48103 |
||